| Tag |
First Indicator |
Second Indicator |
Subfields |
| LEADER |
00000cam a2200000 4500 |
| 001 |
in00000093658 |
| 005 |
20150927070208.0 |
| 008 |
750711s1961 eng u |
| 010 |
|
|
|a 60011952
|
| 035 |
|
|
|a (OCoLC)01442513
|
| 035 |
|
|
|9 AAL5506AM
|
| 040 |
|
|
|c THM
|d OCL
|d TXA
|d UtOrBLW
|
| 049 |
|
|
|a TXAM
|c 1 [424768]
|c 2 [464237]
|
| 050 |
0 |
0 |
|a TS250
|b .B4
|
| 082 |
0 |
|
|a 744.422
|
| 100 |
1 |
|
|a Betterley, Melvin L.
|
| 245 |
1 |
0 |
|a Sheet metal drafting.
|
| 264 |
|
1 |
|a New York :
|b McGraw-Hill,
|c 1961.
|
| 300 |
|
|
|a 314 pages :
|b illustrations ;
|c 25 cm.
|
| 336 |
|
|
|a text
|b txt
|2 rdacontent
|
| 337 |
|
|
|a unmediated
|b n
|2 rdamedia
|
| 338 |
|
|
|a volume
|b nc
|2 rdacarrier
|
| 650 |
|
0 |
|a Sheet-metal work.
|
| 650 |
|
0 |
|a Mechanical drawing.
|
| 999 |
|
|
|a MARS
|
| 999 |
f |
f |
|s ee2044a6-f38d-3887-bc0d-5b48026b04a7
|i 5cd5d003-002d-359c-bd50-ac44de86e96a
|t 0
|
| 952 |
f |
f |
|p ric
|a Texas A&M University
|b Rellis Campus
|c Joint Library Facility
|d Remote Storage
|t 0
|e TS250 .B4
|h Library of Congress classification
|i unmediated -- volume
|m A14805644555
|
| 998 |
f |
f |
|a TS250 .B4
|t 0
|l Remote Storage
|